Statystyki dla Kraje Unii Europejskiej

Kliknij tutaj aby rozwiązać quiz!

Ogólne statystyki

  • Ten quiz został rozwiązany 103 razy
  • Średni wynik to 24 z 28

Statystyki odpowiedzi

HintOdpowiedź% Poprawnych
Polska
99%
Niemcy
97%
Czechy
93%
Hiszpania
93%
Słowacja
93%
Włochy
93%
Łotwa
92%
Francja
90%
Litwa
90%
Portugalia
90%
Belgia
89%
Szwecja
89%
Był od 1973 do 2020Wielka Brytania
88%
Austria
86%
Chorwacja
85%
Słowenia
85%
Węgry
85%
Dania
83%
Estonia
82%
Holandia
82%
Irlandia
81%
Grecja
78%
Luksemburg
78%
Bułgaria
75%
Finlandia
75%
Malta
71%
Rumunia
64%
Cypr
54%

Rozkład punktacji

Percentyl według liczby udzielonych odpowiedzi

Procent ludzi z każdym wynikiem

Twoja historia wyników

Nie rozwiązałeś tego quizu